Historia de la propaganda : notas para un estudio de la propaganda política... /

Obra sobre la historia de la propaganda, considerada en el marco general de la evolución de los pueblos, desde el punto de vista político y de su utilización programada para las contiendas bélicas. Estudia la propaganda política y la guerra en relación con los distintos regímenes que han gobernado l...

Descrizione completa

Salvato in:
Dettagli Bibliografici
Autore principale: Pizarroso Quintero, Alejandro (autor)
Natura: Libro
Lingua:spagnolo
Soggetti:
Tags: Aggiungi Tag
Nessun Tag, puoi essere il primo ad aggiungerne!!

MARC

LEADER 00000nam^a2200000^a^4500
001 000031558
005 20250521000000.0
009 20260310085045.58
020 |a 84-7754-063-2 
037 |a Acervo ITESO - Biblioteca 
041 |a ESP 
082 |a 327. 14  |b PIZ 
100 |a Pizarroso Quintero, Alejandro  |e (autor) 
245 1 0 |a Historia de la propaganda :  |b notas para un estudio de la propaganda política... /  |c A. Pizarroso Quintero. 
264 |a Madrid, España :  |b Universidad Complutense de Madrid,  |c 1990 
300 |a 475 p. 
336 |a texto  |b txt  |2 rdacontenido 
337 |a sin mediación  |b n  |2 rdamedio 
338 |a volumen  |b nc  |2 rdasoporte 
520 |a Obra sobre la historia de la propaganda, considerada en el marco general de la evolución de los pueblos, desde el punto de vista político y de su utilización programada para las contiendas bélicas. Estudia la propaganda política y la guerra en relación con los distintos regímenes que han gobernado los pueblos a lo largo de la historia. 
649 |a XX 
650 |a Política 
650 |a Propaganda 
910 |a Fondo General 
920 |a Impresos - Libros 
930 |a Colección General 
905 |a 101 
901 |a 0315580100  |b IT1  |c ACC  |i 031558  |u 20250521 
902 |a https://opac.biblio.iteso.mx/vufind/Record/000031558